000 00255nam a2200121Ia 4500
008 190216s9999||||xx |||||||||||||| ||und||
100 _aPrathap Sahgal
245 0 _aHindi-Ashanth
260 _bNavarang
300 _a374
650 _aHindi
942 _cBK
999 _c16332
_d16332